QUAERE 2025 recenzovaný sborník příspěvků interdisciplinární mezinárodní vědecké konference doktorandů a odborných asistentů, 14. - 16. července 2025, Hradec Králové, Česká republika, roč. XV.
Na minha lista:
| Autor Corporativo: | |
|---|---|
| Outros Autores: | , |
| Formato: | Livro |
| Idioma: | eslovaco inglês tcheco polonês |
| Publicado em: |
Hradec Králové
MAGNANIMITAS
2025
|
| Edição: | 1. vydání |
| Assuntos: | |
| Tags: |
Sem tags, seja o primeiro a adicionar uma tag!
|
MARC
| LEADER | 00000nlm a2200000 4500 | ||
|---|---|---|---|
| 001 | 0311730 | ||
| 005 | 20250729125730.2 | ||
| 020 | |a 978-80-87952-42-9 | ||
| 041 | 0 | |a slo | |
| 041 | 0 | |a eng | |
| 041 | 0 | |a cze | |
| 041 | 0 | |a pol | |
| 044 | |a CZ | ||
| 245 | 1 | 0 | |a QUAERE 2025 |b recenzovaný sborník příspěvků interdisciplinární mezinárodní vědecké konference doktorandů a odborných asistentů, 14. - 16. července 2025, Hradec Králové, Česká republika, roč. XV. |c Reviewed by: Jiří Králík, Jerzy Olszewski ...[et al.] |
| 250 | |a 1. vydání | ||
| 264 | 1 | |a Hradec Králové |b MAGNANIMITAS |c 2025 | |
| 300 | |a 733 s. | ||
| 610 | 2 | 0 | |a manažment |
| 610 | 2 | 0 | |a marketing |
| 610 | 2 | 0 | |a bankovníctvo |
| 610 | 2 | 0 | |a poisťovníctvo |
| 610 | 2 | 0 | |a správa verejná |
| 610 | 2 | 0 | |a psychológia |
| 610 | 2 | 0 | |a sociológia |
| 700 | 1 | |a Králík, Jiří | |
| 700 | 1 | |a Olszewski, Jerzy | |
| 110 | 2 | |a QUAERE 2025. Interdisciplinární mezinárodní vědecká konference doktorandů a odborných asistentů | |